000 00786nam a22001217a 4500
040 _cVONG PHANNITH, RUA
082 _aMGR SOP 2025 B707 Or.1
100 _aSOPHAL , LAIKONG / សុផល ឡៃគង់
245 _aEvaluation of the feasibility of using extracted cashew nut shell for agricultural pest control, ការវាយតម្លៃលើលទ្ធភាពនៃ​​​​​​​​​​​​​​​​​​​​​ការគ្រប់គ្រងកត្តាចង្រៃកសិកម្មដោយប្រើប្រាស់សូលុយស្យុងដែលបានយកចេញពីសំបកគ្រាប់ស្វាយចន្ទី
260 _aPHNOM PENH
_bRUA
_c2025
300 _aix,74p.
_bill.
_c29cm.
942 _cNRM
999 _c25852
_d25852